000 00451nam a2200193Ia 4500
005 20241003035641.0
008 240331s9999 xx 000 0 und d
020 _a0415904897
082 _bSPI
_a809
100 _aSpivak, G.C
245 0 _aOutside in the teaching machine
260 _aLondon
_bRoutledge
_c1993
300 _ax, 335 p .,
650 _aFeminist
650 _aCriticism
650 _awomen
650 _aLiterature
942 _cL
999 _c3156
_d3156